000 00929nam a2200217Ia 4500
003 IN-BaIIA
008 211028s9999 xx 000 0 eng d
020 _a0-8194-0280-X
040 _cIIA Library
080 _a535(082.1)
_bSPI-1236
111 _aSociety of Photo-Optical Instrumentation Engineers Conference
_cArizona
_d1990 Feb. 12-16
_917933
245 0 _aAdvanced technology optical telescopes
_bIV, pt. 1, proceedings of the SPIE, held at Tucson, Arizona from 12-16, 1990
_cedited by Lawrence D. Barr
260 _aWashington
_bSociety of Photo-Optical Instrumentation Engineers
_c1990
300 _axiii, 584p.
490 _aSPIE proceedings series; v. 1236
650 _aAstronomy and Astrophysics Thesaurus
650 _aOptical telescopes
_93706
700 _aBarr, Lawrence D., ed.
_917934
710 _aSociety of Photo-optical Instrumentation Engineers
_917935
942 _cBK
999 _c10545
_d10545